Quizzes
Events
Quiz Creation
Community
Videos
Private Events
Remove Ads
Sign In
Join for FREE
Feedback
Dark Mode
Quiz Categories
Sports
Geography
Music
Movies
Television
Just For Fun
Miscellaneous
History
Literature
Language
Science
Gaming
Entertainment
Religion
Holiday
For Kids
Quiz Lab
Recent
Popular Today
Quiz Kudos Today
Editor Picks
Curator Picks
Quizzes by...
Day
Popularity
Type
Ratings
Length
Year
Community
Subscriptions
Recent Discussions
Orange Saloon
Badges
Playlists
Quests
Create
Leaderboards
Showdown
Live 5
Trivia Bingo
Activity
Puzzle Library
Sporcle Events
Private Events
Virtual Trivia
Globe League
Become a Host
Pub Owners
SporcleCon
Opinionation
Our Games
Videos
Blog
Mobile Apps
Partnerships
Remove Ads and Go Orange
Feedback
Music
Pop Music
The Beatles
Song
Album
Lyrics
Bands
Singers
Artist
Clip
Rock
Rap
Classical
Billboard
Country Music
Kpop
Taylor Swift
Music
Pop Music
The Beatles
Song
Album
Lyrics
Bands
Singers
Artist
Clip
Rock
Rap
Classical
Billboard
Country Music
Kpop
Taylor Swift
Random Quiz
Search Sporcle
×
Quiz Lab
Quiz Lab
Music
Bands
Type in answers that appear in a list
Type in answers that appear in a list
Classic
Best Score? Go Orange.
Artists By First Letters Stats
Can you name the Bands/Singers By The First Letters?
By
TheCrackFox
10m
25 Questions
41 Plays
41 Plays
41 Plays
Comments
Comments
Give Quiz Kudos
Give Quiz Kudos
-
- Ratings
hide this ad
More Info
Random Order
Randomize order of answers
Randomize order of answers
Replay
Link that replays current quiz
Next Quiz
Link to next quiz in quiz playlist
You Got
0%
They Got
Avg Score
16%
Avg Friend Score
Upgrade to see
Score Distribution
Jump to the score distribution portion of the page
Score
0/25
Timer
10:00
0
Plays Today
First Letters
Band/singer
% Correct
M.J
Michael Jackson
73.2%
L.P
Linkin Park
34.1%
M.C.R
My Chemical Romance
34.1%
A7X
Avenged Sevenfold
31.7%
F.O.B
Fall Out Boy
31.7%
O.O
Ozzy Osbourne
26.8%
G.D
Green Day
24.4%
B.S
Black Sabbath
17.1%
T.R.S
The Rolling Stones
14.6%
A.T.L
All Time Low
14.6%
B.F.M.V
Bullet For My Valentine
14.6%
R.Z
Rob Zombie
14.6%
B.J
Bon Jovi
12.2%
First Letters
Band/singer
% Correct
T.S.T.M
Thirty Seconds To Mars
7.3%
M.C
Motley Crue
7.3%
L.Z
Led Zeplin
7.3%
B.V.B
Black Veil Brides
4.9%
T.C
The Cure
4.9%
W.S
White Snake
4.9%
D.L
Def Leppard
4.9%
Y.M.A.S
You Me At Six
4.9%
B.M.T.H
Bing Me The Horizon
4.9%
I.M
Iron Maden
2.4%
M.L
Meat Loaf
2.4%
S.P
Steel Panther
0%
Quiz Playlist
Details
Report
Send in Message
Add To Playlist
More Info:
Most of these are rock/metal bands/singers.
Classic:
Type in answers that appear in a list
Random Order:
Randomize order of answers
Last Updated: Feb 16, 2017
Quiz Scoreboard
CHALLENGE
Sign Up to Join the Scoreboard
Show All
Scores
Hide
Comments
May contain spoilers
Recently Published
Billboard Blitz: Fleetwood Mac
by CooCooCachoo
Music
15s
Presidents Visiting Landmarks
by Hejman
History
7m
An Introduction to Baseball
by treessimontrees
Sports
5m
More to Explore
Quiz From the Vault
Featured Blog Post
Where Did the Easter Bunny Come From?
hide this ad
You Might Also Like...
Tags
Artist Quiz
Bands Quiz
Letter Quiz
Singers Quiz
first
Today's Top Quizzes in Music
Browse Music
hide this ad
Today's Top Quizzes in Bands
Browse Bands
Top Contributed Quizzes in Music
1
Taylor Swift All Songs (2024)
2
Guess the Artist- 70s Songs
3
7-to-1: Billboard Hot 100 #1 Hits of 2010s
4
Sorting Albums and Songs
5
Taylor Swift Logic Puzzle
6
KPOP LOGIC QUIZ
7
2010s Album by Cover III
8
One Thing in Common: Music
9
Guess the Taylor Swift song (Mystery Song)
10
Guess The Taylor Swift Lyrics Song #1
Explore More
Trending Topics
Crossword
Kpop
Marvel
NBA
Anime
Disney
Harry Potter
WWE
Country
Puzzle
Soccer
NFL
Song
The Office
Pokémon
hide this ad
More By:
TheCrackFox
Quiz
Plays
Rating
Category
Featured
Created
Artists By First Letters
41
1.00
Music
Oct 30, 2010
Go to Creator's Profile
Score Distribution
Quiz Creator Spotlight
TheCrackFox
Follow
Send a Message
Quizzes Created
-
Created Quiz Play Count
-
More By This Creator
Popular Quizzes Today
1
Find the US States - No Outlines Minefield
2
Find the Countries of Europe - No Outlines Minefield
3
The Countries of the World
4
Find the US States
5
US States
6
Popular People in 1961
7
Risky Map Clicking: Biggest States A-Z
8
Movies - When Are They Set?
More Music Quizzes
Animal Album Covers
Curator's Pick
Trending Quizzes
Risky Map Clicking: Least Populous States A-Z
1-10 Letter G Words
1-10 Letter F Words
Risky Map Clicking: Next State Alphabetically
Risky Map Clicking: Biggest States A-Z
Recently Updated
Leaping Animals
pecheneg
Reality TV Shows (A-Z)
bhenderson79
Rickey Henderson's Hall of Fame Teammates
pecheneg
Champions League XIs: Arsenal
pecheneg
Quick Pick: Celebrities in WWE's Hall of Fame
aduchscher
A-Z Keypad Blitz II
pecheneg
Multiple Oscar Actors
pecheneg
Mystery Phrase Blitz: Oscar 'Best Actors'
pecheneg
F. Scott Fitzgerald Novels
LTH
Pick 3 Villains
ddd62291
Trending Topics
Anime
Disney
Kpop
Crossword
Marvel
NBA
Harry Potter
Song
The Office
WWE
Country
Pokémon
Soccer
Puzzle
NFL
Your Account Isn't Verified!
In order to create a playlist on Sporcle, you need to verify the email address you used during registration. Go to your
Sporcle Settings
to finish the process.
Report this User
Report this user for behavior that violates our
Community Guidelines
.
Details:
Send Report
Go to the Sporcle.com Mobile Site →
Comments